LEADER 01081nam a2200253 i 4500 001 000000154754 003 CaOOAMICUS 005 20090414000000.0 008 090414s1989 it u000 u ita u 013 $a132102 040 $aSeMil$bita 100 1 $aQuasimodo, Salvatore,$d<1901-1968>.$0(OLS)http://semarc/name/18821 245 10$aNotturni del re silenzioso /$cSalvatore Quasimodo ; prefazione di Gesualdo Bufalino ; saggio critico di Giovanna Musolino. 260 $aMessina ; Caltanissetta :$bSicania,$c1989. 300 $a209 p. :$bill. ;$c30 cm. 500 $aFondo Card. Giovanni Colombo. 700 1 $aMusolino, Giovanna.$0(OLS)http://semarc/name/58167 700 1 $aBufalino, Gesualdo,$d<1920-1996>.$0(OLS)http://semarc/name/31670 850 $aSeMil 852 $aSeMil$W1$xVenegono$y1$m1D VI 171$j106610$B106610$CSeMilBibl$Z2$F141172 $81 941 1 $a3 961 $aLascito: Colombo Card. Giovanni 996 $6245$aNotturni del re silenzioso$9(OLS)http://semarc/title/226541 996 $6260$aMessina ; Caltanissetta :$bSicania$9(OLS)http://semarc/publisher/33448 LEADER 01183nam a2200241 4500 001 000000330711 003 CaOOAMICUS 005 20181015100536.0 008 181015s1965 fr a 000 u fre r 040 $aSeMil$bita 100 1 $aHubert, Martin Ph.$0(OLS)http://semarc/name/108293 245 13$aLe moyen-âge et les temps modernes :$bla figuration directe /$cMartin Ph. Hubert. 264 1$aParis :$bPublications filmées d'art et d'histoire,$c1965. 300 $a174 p., [4] carte di tav. :$bill ;$c19 cm 490 1 $aIconographie historique 650 4$aMessa - Storia.$0(OLS)http://semarc/subject/1162 773 0 $aHubert, Martin Ph.$tMesse.$dParis : Publications filmées d'art et d'histoire, 1965.$kIconographie historique $w()330708 830 0$aIconographie historique.$0(OLS)http://semarc/title/419203 850 $aSeMil 852 $aSeMil$W1$xVenegono$y1$m3K I 538$j211346$B224885$CSeMilBibl$Z2$F224885 $81 996 $6245$aLe moyen-âge et les temps modernes :$bla figuration directe$9(OLS)http://semarc/title/419212 996 $6264$aParis :$bPublications filmées d'art et d'histoire$9(OLS)http://semarc/publisher/57905